[Event "BRA-ch U26 (Women)"]
[Site "Cuiaba"]
[Date "2016.11.04"]
[Round "3"]
[White "Assuncao, Darlane Brito"]
[Black "Silva, Isabelle Leite de H"]
[Result "1-0"]
[WhiteElo "1798"]
[BlackElo "1800"]
[PlyCount "34"]
[EventDate "2016.11.03"]
[EventType "swiss"]
[EventRounds "7"]
[EventCountry "BRA"]
[SourceTitle "CBM 175 Extra"]
[Source "ChessBase"]
[SourceDate "2016.12.12"]
[SourceVersion "1"]
[SourceVersionDate "2016.12.12"]
[SourceQuality "1"]

1. d4 Nf6 2. Nf3 d5 3. Bf4 Nc6 4. e3 Bg4 5. c3 e6 6. h3 Bxf3 7. Qxf3 Be7 8. Bd3 0-0 9. Nd2 g6 10. h4 Nd7 11. Bh6 Re8 12. h5 g5 13. Bxh7+ Kh8 14. Qxf7 Bf6 15. Bc2 Re7 16. Qg6 Nf8 17. Qxf6+ Rg7 1-0

[Event "BRA-ch U26 (Women)"]
[Site "Cuiaba"]
[Date "2016.11.04"]
[Round "2"]
[White "Silva, Isabelle Leite de H"]
[Black "Santos, Alana Lima Dos"]
[Result "0-1"]
[WhiteElo "1800"]
[BlackElo "1659"]
[PlyCount "110"]
[EventDate "2016.11.03"]
[EventType "swiss"]
[EventRounds "7"]
[EventCountry "BRA"]
[SourceTitle "CBM 175 Extra"]
[Source "ChessBase"]
[SourceDate "2016.12.12"]
[SourceVersion "1"]
[SourceVersionDate "2016.12.12"]
[SourceQuality "1"]

1. e4 c6 2. Nc3 d5 3. Nf3 dxe4 4. Nxe4 Bf5 5. Ng3 Bg6 6. Ne5 Nd7 7. Nxg6 hxg6 8. d4 e5 9. c3 exd4 10. cxd4 Bb4+ 11. Bd2 Qa5 12. Ne4 Bxd2+ 13. Nxd2 Rh4 14. Qe2+ Ne7 15. Qe3 Qd5 16. Bc4 Qxd4 17. Qxd4 Rxd4 18. Rd1 Ne5 19. Be2 Rad8 20. Nf3 Rxd1+ 21. Bxd1 Nd3+ 22. Ke2 Nxb2 23. Bb3 Nd3 24. g3 Nc5 25. Bc2 Nd5 26. Re1 Kf8 27. Kf1 Nb4 28. Bb1 Re8 29. Rd1 Re7 30. Ng5 Na4 31. Rd8+ Re8 32. Nh7+ Ke7 33. Rd4 c5 34. Rd2 Rh8 35. Re2+ Kd6 36. a3 Nc3 37. Rd2+ Nbd5 38. Ng5 Ke7 39. Bc2 Rxh2 40. Kg1 Rh8 41. Bb3 Rd8 42. a4 f6 43. Nf3 Nb6 44. Rc2 Nbxa4 45. Nh4 Rd1+ 46. Kg2 g5 47. Ng6+ Kd6 48. Re2 Nxe2 49. Bxd1 Nac3 50. Bc2 Nd4 51. Bd3 a5 52. f4 a4 53. fxg5 fxg5 54. Kh3 a3 55. Bc4 b5 0-1